00426cam a22001457a 4500008004000000082001700040100001600057245008000073260003200153300001000185500001200195650002800207650002500235650002000260180718b1956 xxu||||| |||| 00| 0 eng d aT000x54 G346 aGhosh, Alak aNew horizons in planning: a study of planning techniques....cby Alak Ghosh aCalcuttabWorld Pressc1956 a141p. aRs.6.00 aIndia --Economic policy aDeveloping countries aEconomic policy